000 00497pam a2200181 a 4500
020 _a0781741424
_c4682.10
041 _aeng
_hNULL
082 _a618.1907572
_bPIS/YAF
100 _aPISAND, E .
245 _aDIGITAL MAMMOGRAPHY /
_cNULL.
_hTextual Documents
260 _aNULL :
_bLIPPINCOTT WILLIAMS & WILKINS ,
_c2003.
300 _a231 :
_bXVI ;
_cA4 .
365 _a4682.10
700 _aYAFFE, M .
_aKUZMIAK, C .
930 _a1616
999 _c796152
_d796152
650 _aOBST.GYNE